Sports Quiz

Random Sports or Baseball Quiz
Score 0/9 Timer 05:00
0 Plays Today
Position Player % Correct
ShortstopCal Ripken
99%
Third BaseBrooks Robinson
94.1%
First BaseEddie Murray
87.5%
CatcherRick Dempsey
68.9%
Center FieldPaul Blair
50.3%
Designated HitterHarold Baines
49.2%
Right FieldKen Singleton
43%
Left FieldKen Williams
12.2%
Second BaseSki Melillo
1.8%

You're not logged in!

Compare scores with friends on all Sporcle quizzes.
OR
Log In

Sporcle TV

Today on Sporcle TV


Watch our educational content, quiz creation guides, and fun videos on Sporcle TV.

Show Comments

Extras

Top Quizzes Today


Score Distribution

Paid Content

Your Account Isn't Verified!

In order to create a playlist on Sporcle, you need to verify the email address you used during registration. Go to your Sporcle Settings to finish the process.

Report this User

Report this user for behavior that violates our Community Guidelines.

Details: